Psicologias : (Record no. 394)

MARC details
000 -LÍDER
campo de controle de tamanho fixo 01239nam a2200325 4500
001 - NÚMERO DE CONTROLE
campo de controle 394
003 - IDENTIFICADOR DO NÚMERO DE CONTROLE
campo de controle OSt
005 - DATA E HORÁRIO DA ÚLTIMA TRANSAÇÃO
campo de controle 20250414160234.0
008 - CAMPO DE DADOS FIXOS--INFORMAÇÃO GERAL
campo de controle de tamanho fixo 250414b |||||||e |||| 00| 0 eng d
020 ## - ISBN - INTERNATIONAL STANDARD BOOK NUMBER
ISBN - International Standard Book Number 9788502029002
040 ## - FONTE DA CATALOGAÇÃO
Idioma da catalogação por
041 ## - CÓDIGO DE IDIOMA
Código do idioma do original e/ou traduções intermediárias do texto por
082 ## - CDD - CLASSIFICAÇÃO DECIMAL DE DEWEY
Número de Classificação 150.7
Número do exemplar B665p
100 ## - ENTRADA PRINCIPAL--NOME PESSOAL
Nome pessoal Bock, Ana Mercês Bahia
Datas associadas ao nome 1952-
9 (RLIN) 830
245 ## - TÍTULO
Título Psicologias :
Restante do título Uma introdução ao estudo de psicologia /
Indicação de responsabilidade, etc. Bock, Ana Mercês Bahia
250 ## - EDIÇÃO
Declaração de edição 14° edição
260 ## - PUBLICAÇÃO, DISTRIBUIÇÃO, ETC.
Local de publicação, distribuição, etc. São Paulo
Nome do editor, distribuidor, etc. Saraiva
Data da publicação, distribuição, etc. 2008
300 ## - DESCRIÇÃO FÍSICA
Extensão 367 p.
520 ## - NOTA DE RESUMO, ETC.
Resumo, etc. Psicologias é uma introdução ao estudo da Psicologia, que é apresentada em seus vários aspectos: sua história, as abordagens teóricas, os temas básicos, as áreas de conhecimento, as principais características da profissão, os temas cotidianos, vistos sobre a ótica da Psicologia.<br/>
650 #0 - ASSUNTO--TERMO TÓPICO
Cabeçalho tópico ou nome geográfico Psicologia
9 (RLIN) 831
650 #0 - ASSUNTO--TERMO TÓPICO
Cabeçalho tópico ou nome geográfico Áreas da Psicologia
9 (RLIN) 832
650 #0 - ASSUNTO--TERMO TÓPICO
Cabeçalho tópico ou nome geográfico Psicologia aplicada ao cotidiano
9 (RLIN) 833
650 #0 - ASSUNTO--TERMO TÓPICO
Cabeçalho tópico ou nome geográfico Estudos introdutórios em Psicologia
9 (RLIN) 834
655 #0 - TERMO DE ÍNDICE--GÊNERO E FORMA
Gênero/forma/ou termo foco Não Ficção
655 #0 - TERMO DE ÍNDICE--GÊNERO E FORMA
Gênero/forma/ou termo foco Técnico-científico
655 #0 - TERMO DE ÍNDICE--GÊNERO E FORMA
Gênero/forma/ou termo foco Livro Didático
700 1# - ENTRADA ADICIONADA - NOME PESSOAL
Nome pessoal Furtado, Odair.
9 (RLIN) 836
700 1# - ENTRADA ADICIONADA - NOME PESSOAL
Nome pessoal Trassi, Maria de Lourdes,
Datas associadas ao nome 1951-
9 (RLIN) 837
942 ## - ELEMENTOS DE ENTRADA ADICIONADOS (KOHA)
Fonte de classificação ou esquema de arquivamento Classificação decimal de Dewey
Ocultar no OPAC Não
Tipo de material Koha Livros
Holdings
Situação do descarte Situação das perdas Fonte de classificação ou esquema de arquivamento Status danificado Não pode ser emprestado Coleção Biblioteca de origem Biblioteca atual Localização na estante Data de aquisição Fonte de aquisição Total de empréstimos Número de chamada completo Código de barras Data de último acesso Data do preço efetivo Tipo de material Koha
    Classificação decimal de Dewey     Não ficção Biblioteca Professor Eduardo Afonso de Castro Biblioteca Professor Eduardo Afonso de Castro Psicologia e Filosofia 14.04.2025 doação   150.7 / B665p 2025-17333 14.04.2025 14.04.2025 Livros
    Classificação decimal de Dewey     Não ficção Biblioteca Professor Eduardo Afonso de Castro Biblioteca Professor Eduardo Afonso de Castro Psicologia e Filosofia 18.06.2025 doação   150.7 / B665p 2025-17357 18.06.2025 18.06.2025 Livros

Powered by Koha